| 000 | 02184cam a22004097a 4500 | ||
|---|---|---|---|
| 001 | 7938231 | ||
| 003 | ASAB | ||
| 005 | 20180827062701.0 | ||
| 006 | m d | ||
| 007 | cr n | ||
| 008 | 010108s2000 enka sb 001 0 eng d | ||
| 015 | _aGBA1-04274 | ||
| 016 | 7 |
_a101091672 _2DNLM |
|
| 020 | _a0854046062 | ||
| 035 | _a(WaSeSS)ssj0000379489 | ||
| 040 |
_aNLM _cASAB _dUKM _dTXA _dAGL _dKUM _dVAM _dGZM _dCGU _dLVB _dOCLCQ _dBAKER _dPAY _dDLC _dWaSeSS |
||
| 050 | 4 |
_aQH506 _b.M6614 2000 |
|
| 060 | 0 | 0 | _a2001 D-764 |
| 072 | 0 | _aX300 | |
| 082 | 0 | 4 |
_a574.88 _220 |
| 210 | 1 | 0 | _aMolecular biology and biotechnology |
| 245 | 0 | 0 |
_aMolecular biology and biotechnology _bmicrobial methods |
| 250 |
_a4th ed / _bedited by John M. Walker and Ralph Rapley. |
||
| 260 |
_aCambridge : _bRoyal Society of Chemistry, _c2000. |
||
| 300 | _a360 P. | ||
| 504 | _aIncludes bibliographical references and index. | ||
| 505 | 0 | _aCh. 1. Fermentation technology -- Ch. 2. Molecular analysis and application techniques -- Ch. 3. Recombinanat DNA technology -- Ch. 4. The expression of foreign DNA in bacteria -- Ch. 5. Yeast cloning and biotechnology -- Ch. 6. Cloning genes in mammalian cell-lines -- Ch. 7. Plant biotechnology -- Ch. 8. Molecular, structural and chemical biology in pharmaceutical research -- Ch. 9. Genetically modified foods -- Ch. 10. Molecular diagnosis of inherited disease -- Ch. 11. DNA in forensic science -- Ch. 12. Vaccination and gene manipulation -- Ch. 13. Transgenesis -- Ch. 14. Protein engineering -- Ch. 15. Bioinformatics -- Ch. 16. Immobilization of biocatalysts -- Ch. 17. Downstream processing: protein extraction and purification -- Ch. 18. Monoclonal antibodies -- Ch. 19. Biosensors. | |
| 506 | _aLicense restrictions may limit access. | ||
| 650 | 0 |
_aMolecular biology. _92172 |
|
| 650 | 0 |
_aBiotechnology. _92173 |
|
| 700 | 1 |
_aWalker, John M., _d1948- _92174 |
|
| 700 | 1 |
_aRapley, Ralph. _92175 |
|
| 773 | 0 | _tRoyal Society of Chemistry eBooks | |
| 856 | 4 | 0 |
_uhttp://www.columbia.edu/cgi-bin/cul/resolve?clio7938231 _zFull text available from Royal Society of Chemistry eBooks |
| 910 | _aLibrary of Congress record | ||
| 942 |
_2ddc _cBK |
||
| 999 |
_c480248 _d480248 |
||